Ludwig van Beethoven /

Bibliographic Details
Main Author: Schmidt-Görg, Joseph, 1897-1981
Other Authors: Schmidt, Hans
Format: Book
Language:English
Published: Hamburg, Germany : Deutsche Grammophon Gesellschaft MBH., [1970]
Edition:Bicentennial ed. 1770-1970.
Subjects:

MARC

Tag First Indicator Second Indicator Subfields
LEADER 00000cam a2200000 a 4500
001 in00000016135
005 20151007052707.0
008 850412s1970 gr ac b 00110 eng d
010 |a  70100925  
035 |a (OCoLC)11910143 
035 |9 AAA8821AM 
040 |a TAP  |c TAP  |d TXA  |d UtOrBLW 
049 |a TXAM  |c [A11066016] 
050 4 |a ML410.B43  |b S253 1970b 
100 1 |a Schmidt-Görg, Joseph,  |d 1897-1981. 
245 1 0 |a Ludwig van Beethoven /  |c edited by Joseph Schmidt-Görg and Hans Schmidt. 
250 |a Bicentennial ed. 1770-1970. 
264 1 |a Hamburg, Germany :  |b Deutsche Grammophon Gesellschaft MBH.,  |c [1970] 
264 4 |c ©1970 
300 |a 276 pages :  |b illustrations, portraits (some color) ;  |c 32 cm. 
336 |a text  |b txt  |2 rdacontent 
337 |a unmediated  |b n  |2 rdamedia 
338 |a volume  |b nc  |2 rdacarrier 
500 |a Includes indexes. 
504 |a Bibliography: pages 268-269. 
600 1 0 |a Beethoven, Ludwig van,  |d 1770-1827. 
700 1 |a Schmidt, Hans. 
999 |a MARS 
999 f f |s ef2dd65b-bc7d-31dd-9991-8c24a198121f  |i ec6f6041-e96c-30c1-acf7-fa00c783916d  |t 0 
952 f f |p ric  |a Texas A&M University  |b Rellis Campus  |c Joint Library Facility  |d Remote Storage  |t 0  |e ML410.B43 S253 1970b  |h Library of Congress classification  |i unmediated -- volume  |m A14811066016 
998 f f |a ML410.B43 S253 1970b  |t 0  |l Remote Storage